Instituições de direito eleitoral : (Record no. 290)

MARC details
000 -LÍDER
Campo Fixo de Controle 00947cam a2200265 a 4500
001 - NÚMERO DE CONTROLE
Campo de Controle 290
003 - IDENTIFICAÇÃO DO NÚMERO DE CONTROLE
Campo de Controle BR-CuiBMT
005 - DATA E HORA DA ÚLTIMA ATUALIZAÇÃO
Campo de Controle 20231025211308.0
008 - DADOS FIXOS
Dados Fixos 230926s2016 mgb 000 0 por d
020 ## - INTERNATIONAL STANDARD BOOK NUMBER
Nº do ISBN 9788545001478
040 ## - AGÊNCIA CATALOGADORA
Código da Agência Catalogadora BR-CuiBMT
Agência que transcreveu o registro BR-CuiBMT
080 ## - Nº DA CLASSIFICAÇÃO DECIMAL UNIVERSAL
Nº edição CDU 2007
Nº Class. CDU 342.8
090 ## - NÚMERO DE CHAMADA
Nº classificação 342.8
Cutter C837i
100 10 - ENTRADA PRINCIPAL -- AUTOR PESSOAL
Nome pessoal Costa, Adriano Soares da
245 10 - TÍTULO PRINCIPAL
Título principal Instituições de direito eleitoral :
Subtítulo teoria da inelegibilidade direito processual eleitoral /
Indicação de responsabilidade Adriano Soares da Costa.
250 ## - EDIÇÃO
Edição 10. ed., rev. ampl. e atual.
260 ## - PUBLICAÇÃO, DISTRIBUIÇÃO, ETC.
Local de publicação Belo Horizonte :
Editora Fórum,
Data 2016.
300 ## - DESCRIÇÃO FÍSICA
N. páginas ou volumes 487 p. :
Ilustrações il. ;
Dimensões 25 cm
500 ## - NOTAS GERAIS
Notas gerais Atualizada de acordo com a LC n° 135, de 2010, com a Lei n° 13.165, de 2015 e com o Novo Código de Processo Civil (Lei Federal n° 13.105, de 2015).
504 ## - NOTA DE BIBLIOGRAFIA, ETC.
Nota de bibliografia Inclui bibliografia.
650 ## - ASSUNTO TÓPICO
Cabeçalho tópico ou nome geográfico Direito eleitoral
650 ## - ASSUNTO TÓPICO
Cabeçalho tópico ou nome geográfico Teoria da inelegibilidade
650 ## - ASSUNTO TÓPICO
Cabeçalho tópico ou nome geográfico Justiça eleitoral
942 ## - ELEMENTOS DE ENTRADA ADICIONAIS (KOHA)
Fonte de classificação ou esquema de arquivamento Classificação Decimal Universal
Tipo de item do Koha Livros
Holdings
Estado: removido Estado: perdido Fonte de classificação ou esquema de arquivamento Estado: danificado Indisponível para empréstimo Localização permanente Localização atual Data de aquisição Total Checkouts Número de Chamada completo Código de barras Date last seen Número do exemplar Preço efetivo a partir de Tipo de item (Koha)
    Classificação Decimal Universal     Biblioteca da Escola Superior de Contas do TCE/MT Biblioteca da Escola Superior de Contas do TCE/MT 28/06/2023   342.8 C837i BIBTCEMT23090076 26/09/2023 Ex. 1 26/09/2023 Livros

Powered by Koha